F1 Champions By Nation - Statistics

General Stats
  • This quiz has been taken 19 times
  • The average score is 23 of 35
Answer Stats
Hint Answer % Correct
UK (x21) Lewis Hamilton (x7)
93%
Brazil (x8) Ayrton Senna (x3)
86%
Netherlands (x4) Max Verstappen (x4)
86%
Germany (x12) Michael Schumacher (x7)
86%
Finland (x4) Kimi Räikkönen (x1)
79%
UK (x21) Lando Norris (x1)
79%
Austria (x4) Niki Lauda (x3)
79%
Germany (x12) Sebastian Vettel (x4)
79%
France (x4) Alain Prost (x4)
71%
Italy (x3) Alberto Ascari (x2)
71%
Brazil (x8) Emerson Fittipaldi (x2)
71%
Spain (x2) Fernando Alonso (x2)
71%
Italy (x3) Giuseppe Farina (x1)
71%
Australia (x4) Jack Brabham (x3)
71%
UK (x21) Jackie Stewart (x3)
71%
Canada (x1) Jacques Villeneuve (x1)
71%
UK (x21) Jenson Button (1x)
71%
Argentina (x5) Juan Manuel Fangio (x5)
71%
Finland (x4) Keke Rosberg (x1)
71%
Finland (x4) Mika Häkkinen (x2)
71%
Germany (x12) Nico Rosberg (x1)
71%
Australia (x4) Alan Jones (x1)
64%
Brazil (x8) Nelson Piquet (x3)
64%
UK (x21) Nigel Mansell (x1)
64%
UK (x21) Damon Hill (x1)
57%
UK (x21) Jim Clark (x2)
57%
South Africa (x1) Jody Scheckter (x1)
57%
New Zealand (x1) Denny Hulme (x1)
50%
UK (x21) John Surtees (x1)
50%
USA (x2) Mario Andretti (x1)
50%
UK (x21) Mike Hawthorn (x1)
50%
UK (x21) Graham Hill (x2)
43%
UK (x21) James Hunt (x1)
43%
Austria (x4) Jochen Rindt (x1)
43%
USA (x2) Phil Hill (x1)
43%
No matching quizzes found
Score Distribution
Percent of People with Each Score
Percentile by Number Answered
Your Score History
You have not taken this quiz